00705nam a2200193 i 450000100060000000300090000600500170001500700030003200800410003510000280007624501500010425000120025426000290026630000220029570000250031785200310034299900170037395201210039081550ES-MaACL20230906174448.0t|041105s1949 sp ||||1| spa d1 aHusserl, Edmund.96481810aIdeas relativas a una fenomenología pura y una filosofía fenomenológica / cpor Edmund Husserl ; traducción del alemán por José Gaos. a1ª ed. a[S.l. : bs.n.], c1949. a446 p. ; c22 cm.1 aGaos, José.953902 aES-MaACLjD-7731 bR.30039 c81550d81550 00104070aATENEOMbATENEOMcSVId2008-01-17eSCl0oD-7731p901085244r2023-02-23 00:00:00w2023-02-23yMONOGRAFIA